000 00353nam a22001457a 4500
003 OSt
005 20211222153634.0
008 211222b |||||||| |||| 00| 0 eng d
020 _a0240516648
040 _cHU
082 _a004.33LEV2002
100 _aLever
_924376
245 _aReal-Time 3D Character Animation With Visual C++
942 _2ddc
_cBOOKS
_n0
999 _c23515
_d23515